Logo BPK

Biblioteka

Politechniki Koszalińskiej

Physical geology / (Rekord nr 30371)

Szczegóły MARC
000 -ETYKIETA REKORDU
podpole kontrolne o stałej długości 00664nam a2200241 i 4500
001 - NUMER KONTROLNY REKORDU
pole kontrolne bg
020 ## - MIĘDZYNARODOWY ZNORMALIZOWANY NUMER KSIĄŻKI - ISBN
ISBN 0136697399
040 ## - ŹRÓDŁO KATALOGOWANIA
Instytucja, która utworzyła rekord BPK
041 0# - KOD JĘZYKA
Kod języka tekstu en
080 ## - UNIWERSALNA KLASYFIKACJA DZIESIĘTNA - UKD
UKD 551.1/.4
920 ## - Międzynarodowy znormalizowany numer książki – ISBN
ISBN 0-13-669739-9
008 - POLE O STAŁEJ DŁUGOŚCI - DANE KONTROLNE
podpole kontrolne o stałej długości s pl f |000 0 pol
100 1# - NAZWA OSOBOWA
Nazwa osobowa LEET, L. Don
245 10 - TYTUŁ/ODPOWIEDZIALNOŚĆ
Tytuł Physical geology /
Pozostałe elementy strefy tytułu i oznaczenia odpowiedzialności L. Don Leet, Sheldon Judson, Marvin E. Kauffman.
250 ## - STREFA WYDANIA
Oznaczenie wydania 5th ed.
260 ## - STREFA ADRESU WYDAWNICZEGO
Miejsce wydania Englewood Cliffs :
Nazwa wydawcy/dystrybutora Prentice Hall,
Data publikacji, dystrybucji/powstania dokumentu 1978.
300 ## - STREFA OPISU FIZYCZNEGO
Objętość VI, 490 s. :
Inne cechy fizyczne fot., mapy, rys., wykr. ;
Rozmiary 28 cm.
504 ## - UWAGA DOTYCZĄCA BIBLIOGRAFII
Informacje o bibliografii Bibliogr. przy rozdz. - Indeks.
650 #9 - HASŁO PRZEDMIOTOWE W FORMIE NAZWY OGÓLNEJ LUB JEDNOSTKOWEJ
Nazwa ogólna lub geograficzna Geologia
700 1# - HASŁO DODATKOWE - NAZWA OSOBOWA
Nazwa osobowa JUDSON, Sheldon
700 1# - HASŁO DODATKOWE - NAZWA OSOBOWA
Nazwa osobowa KAUFFMAN, Marvin E.
856 ## - LOKALIZACJA I DOSTĘP DO ELEKTRONICZNYCH DOKUMENTÓW ZDALNYCH
Link (URL) http://koha.tu.koszalin.pl/cgi-bin/koha/opac-detail.pl?biblionumber=30371
Tekst linku Katalog online BPK
942 ## - DODATKOWE ELEMENTY (KOHA)
Typ dokumentu Książka
Egzemplarze
Wycofany Status egzemplarza Uszkodzony Dostępność Lokalizacja stała Lokalizacja bieżąca Miejsce przechowywania Sygnatura Kod kreskowy Typ dokumentu
      Dostępny Biblioteka Politechniki Koszalińskiej Biblioteka Politechniki Koszalińskiej Wypożyczalnia BG 37071 01927023 Książka
© 2023 Biblioteka Politechniki Koszalińskiej :: KOHA